00341ntaaa2200145 45000030003000000050017000030080021000200400037000410820017000781000019000952450018001142500010001322600043001423000010001850120251027201818.00714s1973 ag 01  aAR-BaBNbspacAR-BaBNeaacrdRIC a244.0000 B17 aBaker, Louise  aOut on a limb a1 ed. aNew York : bWhittlesey House, cc1946 a213 p